Statistics for European Cities by a Single Clue #1

Click here to take the quiz!

General Stats

  • This quiz has been taken 43 times
  • The average score is 16 of 20

Answer Stats

HintPlace% Correct
Second biggest city in Germany and home to the third largest Port in EuropeHamburg
98%
Capital of the smallest Benelux countryLuxembourg
95%
Connected to Copenhagen via bridge & tunnelMalmö
90%
Most populous city in SwitzerlandZürich
90%
Welsh CapitalCardiff
88%
French city famous for mustardDijon
88%
Former co-capital of Austria-Hungary alongside ViennaBudapest
86%
After World War 2, the Allies famously held a series of military trials in this cityNuremberg
83%
economical and political centre of AlbaniaTirana
83%
Birthplace of ColumbusGenoa
81%
The name of the French national anthem after volunteers marched from this city to ParisMarseille
81%
Flemish city often referred to as "Venice of the North"Bruges
79%
You can find Lukashenko's offices in Independence Palace hereMinsk
79%
Top tourist destinations in this city include a Roman arena and Juliet's balconyVerona
79%
"The world capital of Wine", located on the banks of the river GaronneBordeaux
76%
Seaside resort in Southern England, particularly known for the Royal Pavilion and its notable pierBrighton
74%
The Upper Austrian capital is also home to the oldest known cake to be named after a city with a recipe from 1653Linz
62%
A play (and opera) including a barber takes place in this citySevilla
60%
Historical capital of SilesiaWroclaw
40%
Finnish city known as an IT hub and place of the Air Guitar World CupOulu
38%

Score Distribution

Percentile by Number Answered

Percent of People with Each Score

Your Score History

You have not taken this quiz